Viscous Fluid Flow (Record no. 23753)

000 -LEADER
fixed length control field 00311nam a22001097a 4500
008 - FIXED-LENGTH DATA ELEMENTS--GENERAL INFORMATION
fixed length control field 140103b xxu||||| |||| 00| 0 eng d
010 ## - LIBRARY OF CONGRESS CONTROL NUMBER
LC control number 2004058182
020 ## - INTERNATIONAL STANDARD BOOK NUMBER
International Standard Book Number 007124493x
Terms of availability Available
082 ## - DEWEY DECIMAL CLASSIFICATION NUMBER
Edition number Third Ed
Classification number 532.0533WHI
Author Mark 002635
245 ## - TITLE STATEMENT
Title Viscous Fluid Flow
Statement of responsibility, etc. White Frank M.
260 ## - PUBLICATION, DISTRIBUTION, ETC.
Place of publication, distribution, etc. Singapor
Name of publisher, distributor, etc. McGraw-Hill
Date of publication, distribution, etc. 2006
Holdings
Withdrawn status Lost status Source of classification or shelving scheme Damaged status Not for loan Permanent Location Current Location Shelving location Date acquired Total Checkouts Total Renewals Full call number Barcode Date last seen Date last checked out Price effective from Koha item type
          Central Library (CL) Central Library (CL) General Stacks 01/03/2014 9 15 532.0533WHI RCMS002635 06/20/2025 08/30/2024 01/03/2014 Book
          School of Interdisciplinary Engineering and Sciences (SINES) School of Interdisciplinary Engineering and Sciences (SINES)   03/30/2017 1 1 532.0533WHI 001018 10/09/2017 03/30/2017 03/30/2017 Book
© 2023 Central Library, National University of Sciences and Technology. All Rights Reserved.